000 00823nam a22002177a 4500
005 20251108170806.0
008 250721s2001 xx 000 0 ara d
082 1 4 _a218.82/طوخ
100 1 _aالطوخي، رشيد بن محمد
245 1 0 _aالغرباء في الأرض :
_bقصة المطاردون من الجماعات الإسلامية و ظروف نشأتهم /
264 1 _aباريس :
_bمؤسسة الوقائع للدراسات،
_c2001.
300 _a77ص.
490 0 _aسلسلة أبحاث الوقائع ؛5
650 1 7 _aالحركات الإسلامية
650 1 7 _aالجماعات المعرضة للتهديد
650 1 7 _aالأخوان المسلمون
650 1 7 _aجنوب شرق آسيا
650 1 7 _aالبلدان العربية
942 _2ddc
_cBK
999 _c49097
_d49097